Statistics for Word Chain - Sweden

Click here to take the quiz!

General Stats

  • This quiz has been taken 194 times
  • The average score is 16 of 26

Answer Stats

ClueAnswer% Correct
Capital cityStockholm
98%
Four-member pop groupABBA
97%
Country that bridge is connected toDenmark
93%
Currency of SwedenKrona
88%
Temperature scale named for a
Swedish astronomer
Celcius
83%
Stieg Larsson novel:
"Girl with the Dragon ______"
Tattoo
83%
Biggest city in southern SwedenMalmö
81%
Dynamite inventorNobel
77%
Supreme god of Norse mythologyOdin
77%
Sea Sweden bordersBaltic
77%
Major car brand after VolvoSaab
72%
Major port on the west coastGothenburg
66%
Probably the most notable
Swedish cuisine
Meatballs
64%
Last name of ZlatanIbrahimovic
63%
Most famous vodka brandAbsolut
54%
Famous bridge of the aboveÖresund
53%
National animal of SwedenElk
53%
"Sweden" in SwedishSverige
52%
Vänern, Vättern, Mälaren etc.Lakes
47%
Saint celebrated December 13thLucia
42%
Largest airport of SwedenArlanda
41%
Systembolaget is the monopoly on thisAlcohol
39%
Stage name of Tim BerglingAvicii
36%
City with namesake of a historic
Nordic union
Kalmar
34%
Name for the Swedish parliamentRiksdag
27%
Queen that was abdicated in 1654Christina
26%

Score Distribution

Percentile by Number Answered

Percent of People with Each Score

Your Score History

You have not taken this quiz